Nebraska Cities: Sudden Death - Statistics

General Stats
  • This quiz has been taken 247 times
  • The average score is 7 of 10
Answers on the Grid
Answers color-coded by a green-red scale on the quiz's grid according to % correct below.
Waukegan
Omaha
St. Louis
Lincoln
Bellevue
Indianapolis
Toledo
Grand Island
Pierre
Kearney
North Platte
Nebraska City
Gary
Iowa City
Fremont
Norfolk
Naperville
Columbus
Iron Mountain
Oceanside
 
Answer Stats
Answer % Correct
Omaha
88%
Lincoln
87%
Nebraska City
76%
North Platte
76%
Grand Island
75%
Kearney
74%
Bellevue
71%
Fremont
68%
Norfolk
63%
Columbus
54%
No matching quizzes found
Score Distribution
Percent of People with Each Score
Percentile by Number Answered
Your Score History
You have not taken this quiz